| 000 | 01226nam a2200361 i 4500 | ||
|---|---|---|---|
| 003 | EG-GICUC | ||
| 005 | 20260213131318.0 | ||
| 008 | 260213s1976 ua |||fr|||| 00| 0 ara d | ||
| 017 | _a4867/76 | ||
| 020 | _a977306349 | ||
| 040 |
_a EG-GICUC _bara _c EG-GICUC _d EG-GICUC _erda |
||
| 041 | 0 | _aAra | |
| 082 | 0 | 4 |
_221 _a343.3 _bق ا |
| 092 | 0 | 4 | _221 |
| 099 | _aLaw1 10 343.3 ق ا 1976 | ||
| 245 | 0 | 0 | _aقانون الإجراءات الجنائية . |
| 250 | _aالطبعة الثانية | ||
| 264 | 1 |
_aالقاهرة : _bدار الفكر العربى، _c1976. |
|
| 264 | 3 | _bمؤسسة التعاون للطباعة والنشر | |
| 300 |
_a148 ؛صفحة _c24 سم. |
||
| 336 |
_2rda content _atext |
||
| 337 |
_2rda media _aComputer |
||
| 338 |
_2rda carrier _aOnline Resource |
||
| 490 | _aمجموعة القوانين المصرية | ||
| 546 | _aالنص باللغة العربية | ||
| 650 | 1 |
_aقانون الإجراءات الجنائية _2qrmak |
|
| 650 | 1 |
_aالقانون الجنائى _2qrmak |
|
| 651 | 1 | _2qrmak | |
| 700 | 0 |
_aمحمد فهيم أمين _eمشرف. |
|
| 856 | 4 | 0 | _uhttps://fll.law.cu.edu.eg/fulltext/bks/B10-08798.pdf |
| 905 | _a54 | ||
| 942 |
_2ddc _cBK _e21 _n0 |
||
| 999 |
_c63019 _d63019 |
||